header

Digital modulation techniques (Record no. 243316)

MARC details
000 -LEADER
fixed length control field 01277nam a22003374a 4500
082 04 - DEWEY DECIMAL CLASSIFICATION NUMBER
Classification number 621.3815/36
100 1# - MAIN ENTRY--AUTHOR NAME
Personal name Xiong, Fuqin,
245 10 - TITLE STATEMENT
Title Digital modulation techniques
250 ## - EDITION STATEMENT
Edition statement 2nd ed.
260 ## - PUBLICATION, DISTRIBUTION, ETC. (IMPRINT)
Place of publication Boston, MA :
Name of publisher Artech House,
Year of publication c2006.
300 ## - PHYSICAL DESCRIPTION
Number of Pages xxi, 1017 p. :
Other physical details ill.
490 1# - SERIES STATEMENT
Series statement Artech House telecommunications library
650 #0 - SUBJECT ADDED ENTRY--TOPICAL TERM
Topical Term Digital modulation.
Topical Term Modulation (Electronics)
856 40 - ELECTRONIC LOCATION AND ACCESS
Uniform Resource Identifier http://site.ebrary.com/lib/rucke/Doc?id=10160973

No items available.

© 2026 Rongo University
Contact us: librarian | system librarian | Rongo university